Last rites : (Record no. 84124)

MARC details
000 -LEADER
fixed length control field 00532nam a22001817a 4500
005 - DATE AND TIME OF LATEST TRANSACTION
control field 20140723112003.0
010 ## - LCCN (DPL NO)
LC control number ENG-109987
020 ## - INTERNATIONAL STANDARD BOOK NUMBER
Terms of availability 375.00
International Standard Book Number 9789380151519
035 ## - SYSTEM CONTROL NUMBER
System control number EN-93520
037 ## - SOURCE OF ACQUISITION
Source of stock number/acquisition DBAD/PUB
082 ## - DEWEY DECIMAL CLASSIFICATION NUMBER
Classification number N
100 ## - MAIN ENTRY--PERSONAL NAME
Personal name Ghosh, Kaushik K.
245 00 - TITLE STATEMENT
Title Last rites :
Statement of responsibility, etc by Kaushik K. Ghosh
Remainder of title unforgettable people,unforgettable memories /
260 ## - PUBLICATION, DISTRIBUTION, ETC. (IMPRINT)
Place of publication, distribution, etc Goa
Name of publisher, distributor, etc CinnamonTeal
Date of publication, distribution, etc 2010
270 ## - ADDRESS
Address Polt No 16,Gogal, Housing Board Colony
City Margao Goa
Postal code 403601
300 ## - PHYSICAL DESCRIPTION
Extent 179p.
Dimensions 23cm(pbk)
942 ## - ADDED ENTRY ELEMENTS (KOHA)
Source of classification or shelving scheme Dewey Decimal Classification
Item type English Books
Call number suffix GHO
Classification part N
Holdings
Withdrawn status Lost status Not for loan Collection code Home library Current library Date acquired Source of acquisition Cost, normal purchase price Full call number Barcode Copy number Cost, replacement price Koha item type
    Not For Loan Fiction D.B.Act.Division D.B.Act.Division 09/05/2014 DBAD/PUB 375.00 N GHO EN-93520 1 375.00 English Books

© Delhi Public Library
Hit Counter
free hit counter